Kapitálový trh v Poľsku

Obnova kapitálového trhu v Poľsku, vznik Burzy cenných papierov vo Varšave ako inštitúcie pre privatizáciu národného majetku. Zbieranie skúseností, priehľadnosť, organizovanosť a prístupnosť kapitálového trhu. Vývoj BCP. Investičné poradenstvo. Voľný vstup a výstup zahraničného kapitálu na poľskom k...

Descrizione completa

Salvato in:
Dettagli Bibliografici
Autore principale: Rozlucki, W.
Natura: Capitolo di libro
Lingua:slovacco
Soggetti:
Tags: Aggiungi Tag
Nessun Tag, puoi essere il primo ad aggiungerne!!

MARC

LEADER 00000naa a2200000 4500
001 r024359
005 20221213100852.4
041 0 |a slo 
044 |a SK 
245 1 0 |a Kapitálový trh v Poľsku  |c W. Rozlucki 
520 |a Obnova kapitálového trhu v Poľsku, vznik Burzy cenných papierov vo Varšave ako inštitúcie pre privatizáciu národného majetku. Zbieranie skúseností, priehľadnosť, organizovanosť a prístupnosť kapitálového trhu. Vývoj BCP. Investičné poradenstvo. Voľný vstup a výstup zahraničného kapitálu na poľskom kapitálovom trhu. 
610 2 0 |a trh kapitálový 
610 2 0 |a Poľsko 
610 2 0 |a burzy 
610 2 0 |a stredná Európa 
610 2 0 |a Burza cenných papierov Varšava 
610 2 0 |a kapitál zahraničný 
100 1 |a Rozlucki, W.